01671nam a22004097a 4500003000500000005001700005008004100022010001000063011001000073035001000083040000900093082001400102100002800116245005300144260005800197300000900255500004400264505004700308590004100355590004100396590004100437590004200478650003500520650003300555650002800588700003000616700003300646901000700679942001000686949005500696949005900751949005900810999001700869952012900886952012101015952012501136CHAP20220817042045.0971013s1942 r 00010 d a33296 a34268 a38384 cCHAP a382bE55Y00aEllsworth, P. T.936399 aComercio internacional (International economics) aMéxico, D.F. :bFondo de Cultura Económica,c1942 a2 v. a2 ed. 1946 idéntica, publicada en 1v. aContenido : v.1 Teoría .- v.2 Política aBATCH-UPDb10c20130110lUCH01h1247 aBATCH-UPDb10c20130410lUCH01h0810 aBATCH-UPDb10c20130914lUCH01h1015 aCONVERSIONb10c20130109lUCH01h131914aComercio internacional.92564114aPolítica comercial.99047014aPolítica económica.0 aMárquez, Javier.9763640 aUrquidi, Víctor L.9116979 aBK cLIBRO a382 E55YbBCcLIBROd-87801eLIBROf1946i38384si a382 E55YbBCcLIBROd-87802eLIBROf1946 c.2i38384si a382 E55YbBCcLIBROd-87803eLIBROf1946 c.3i38384si c33296d33296 00102ddc4052708GRALaBCbBCcPA_GRALd2012-12-17l0o382 E55Yp-87802r2019-12-31 00:00:00t1946 c.2w2019-12-31yLIBRO 00102ddc4051718MDaBCbBCcPA_MDd2012-12-17l0o382 E55Yp-87801r2019-12-31 00:00:00t1946w2019-12-31yLIBRO 00102ddc4051718MDaBCbBCcPA_MDd2012-12-17l0o382 E55Yp-87803r2019-12-31 00:00:00t1946 c.3w2019-12-31yLIBRO